Evaluation of the Policies Supporting Cultural and Creative Industries in the Slovak Republic

Hodnotenie rôznorodých politík na podporu kultúry a kreatívneho priemyslu. Granty a európske fondy podporujúce tieto odvetvia. Stav v krajinách Vyšehradskej štvorky.

Na minha lista:
Detalhes bibliográficos
Autor principal: Barteková, Mária, 1992-
Outros Autores: Majdúchová, Helena, 1963-
Formato: Capítulo de Livro
Idioma:inglês
Assuntos:
Tags: Adicionar Tag
Sem tags, seja o primeiro a adicionar uma tag!

MARC

LEADER 00000naa$a2200000$$$4500
001 0259603
005 20260209104217.3
041 0 |a eng 
044 |a CZ 
245 1 0 |a Evaluation of the Policies Supporting Cultural and Creative Industries in the Slovak Republic  |c Mária Barteková, Helena Majdúchová 
520 |a Hodnotenie rôznorodých politík na podporu kultúry a kreatívneho priemyslu. Granty a európske fondy podporujúce tieto odvetvia. Stav v krajinách Vyšehradskej štvorky. 
610 2 0 |a priemysel kreatívny 
610 2 0 |a kultúra 
610 2 0 |a financie verejné 
610 2 0 |a fondy Európskej únie 
610 2 0 |a podpora štátna 
100 1 |a Barteková, Mária, 1992- 
700 1 |a Majdúchová, Helena, 1963-